| 000 | 00697nam a22002177a 4500 | ||
|---|---|---|---|
| 003 | 0 | ||
| 005 | 20230913112424.0 | ||
| 008 | 230913b xxu||||| |||| 00| 0 eng d | ||
| 020 | _a978-197-5168-70-4 | ||
| 050 |
_aRT 41 _b.L96 2023 |
||
| 100 | _aLynn, Pamela | ||
| 245 |
_aTaylor's clinical nursing skills: a nursing process approach _cPamela Lynn |
||
| 250 | _aSixth edition | ||
| 260 |
_aPhiladelphia, PA _bWolters Kluwer Health _cc2023. |
||
| 300 |
_axxii, 1249 pages : _bcol. ill. ; _c28 cm. |
||
| 500 | _aNursing process. | ||
| 504 | _aIncludes bibliographical references, glossary, and index. | ||
| 650 | _aNursing process. | ||
| 650 | _aNursing care--methods. | ||
| 942 |
_2lcc _cBK |
||
| 999 |
_c365292 _d365292 |
||